| 000 | 00924nam a22002657a 4500 | ||
|---|---|---|---|
| 003 | OSt | ||
| 005 | 20250325023731.0 | ||
| 008 | 250321t1999 |||||||| |||| 001 | eng d | ||
| 020 | _a1-901865-03-7 | ||
| 040 | _cJMCFI - Learning Resource Center | ||
| 082 | _aMAHL/Med. 618.92'34 W177 1999 | ||
| 100 |
_aWalker-Smith, John _919993 |
||
| 245 |
_aDiseases of the small intestine in childhood / _cJohn Walker-Smith and Simon Murch. |
||
| 250 | _aFourth edition. | ||
| 260 |
_aUK : _bIsis Medical Media Ltd., _c1999. |
||
| 300 |
_axi, 412 pages : _bblack and white, illus. ; _c28 cm |
||
| 500 | _aIncludes indexes. | ||
| 504 | _aIncludes bibliographical references. | ||
| 650 |
_aIntestine _vDiseases. _919994 |
||
| 650 |
_aIntestinal diseases. _919995 |
||
| 650 |
_aPediatric gastroenterology. _919996 |
||
| 650 |
_aSmall intestine _vDiseases. _919997 |
||
| 700 |
_aMurch, Simon _919998 |
||
| 942 |
_2ddc _cBK _n0 _eFourth edition |
||
| 999 |
_c6144 _d6144 |
||